| 000 | 02017nab a2200277 ab4500 | ||
|---|---|---|---|
| 005 | 20250527113626.0 | ||
| 008 | 250526c2025 sp tr|p o ||| 00| 0 spa d | ||
| 040 |
_aMX-MxUPN _bspa _cMX-MxUPN _eaacr2 |
||
| 100 |
_aCova, Félix _956674 |
||
| 100 | 1 |
_aGrandón, Pamela _956675 |
|
| 100 | 1 |
_aNazar, Gabriela _956676 |
|
| 100 | 1 |
_aRomero Hernández, Caterin _956677 |
|
| 100 | 1 |
_aLagos Sepúlveda, Germán Eduardo _956678 |
|
| 245 | 1 | 1 |
_a¿Crisis de salud mental en adolescentes y jóvenes? : _brol del proceso de psiquiatrización social _h[recurso electrónico en línea] |
| 506 | 0 | _aAcceso abierto | |
| 520 | 3 | _aLa preocupación por el aparente aumento de los problemas de salud mental en adolescentes y jóvenes se ha intensificado considerablemente en los últimos años, siendo común en la actualidad referirse a una “crisis de salud mental” en este grupo de edad. Los estudios epidemiológicos disponibles confirman un incremento en los comportamientos internalizados dentro de esta población. Este artículo propone que el proceso sociocultural de “psiquiatrización social” de la sociedad contemporánea es un factor contextual indispensable tanto para analizar la situación de salud mental de adolescentes y jóvenes como para comprender el alcance y significado de esta aparente crisis. Se argumenta que un riesgo de no prestar suficiente atención a este contexto es la psicopatologización injustificada y iatrogénica del malestar adolescente, ignorando factores sociales relevantes tanto para comprender las causas del malestar como para desarrollar respuestas integrales a este. PP | |
| 650 | 4 |
_aSalud mental _922888 |
|
| 650 | 2 |
_aJóvenes _95660 |
|
| 653 | _aCrisis de salud mental | ||
| 653 | _aPsiquiatrización social | ||
| 773 |
_gNo. 46, no. 1 (2025), p. 33-40 _tPapeles del psicólogo _x0214-7823 |
||
| 856 | _uhttps://www.papelesdelpsicologo.es/pdf/3052.pdf | ||
| 856 | _uhttps://doi.org/10.70478/pap.psicol.2025.46.05 | ||
| 902 | _aLeonor Sotres/260525 | ||
| 942 | _cART-E | ||
| 999 |
_c213311 _d213311 |
||